Statistics for Anthem Part 2 - Blink-182 Lyrics Quiz

Click here to take the quiz!

General Stats

  • This quiz has been taken 17 times
    (3 since last reset)
  • The average score is 65 of 170

Answer Stats

Lyrics% Correct
dying
100%
Earth
100%
Everything
100%
fallen
100%
has
100%
help
100%
is
100%
Jesus
100%
me
100%
pieces
100%
to
100%
we
100%
need
67%
abused
33%
abused
33%
abused
33%
adults
33%
and
33%
and
33%
and
33%
are
33%
be
33%
be
33%
be
33%
been
33%
blame
33%
blame
33%
blame
33%
boring
33%
burn
33%
but
33%
can't
33%
caution
33%
corporate
33%
drown
33%
elect
33%
everything
33%
everything
33%
everything
33%
everything
33%
fallen
33%
fallen
33%
fallen
33%
fallen
33%
fucked
33%
fucked
33%
fucked
33%
fucked
33%
give
33%
give
33%
give
33%
guidance
33%
has
33%
has
33%
has
33%
has
33%
hostile
33%
if
33%
if
33%
if
33%
in
33%
it's
33%
it's
33%
it's
33%
kids
33%
kids
33%
laws
33%
leaders
33%
let
33%
misled
33%
more
33%
need
33%
need
33%
need
33%
never
33%
never
33%
never
33%
never
33%
never
33%
never
33%
no
33%
no
33%
no
33%
not
33%
pieces
33%
pieces
33%
pieces
33%
place
33%
politicians
33%
really
33%
really
33%
really
33%
rule
33%
rules
33%
school
33%
see
33%
see
33%
see
33%
signs
33%
sixteen's
33%
slowly
33%
story
33%
stupid
33%
teenage
33%
that
33%
that
33%
the
33%
the
33%
them
33%
they're
33%
this
33%
this
33%
this
33%
this
33%
this
33%
through
33%
through
33%
through
33%
to
33%
to
33%
to
33%
to
33%
to
33%
to
33%
to
33%
to
33%
to
33%
to
33%
to
33%
to
33%
to
33%
train
33%
unsafe
33%
up
33%
up
33%
up
33%
up
33%
up
33%
up
33%
use
33%
use
33%
use
33%
useless
33%
victims
33%
vote
33%
wanted
33%
wanted
33%
wanted
33%
warnings
33%
we
33%
we
33%
we
33%
we
33%
we
33%
we
33%
we'll
33%
we'll
33%
we'll
33%
we're
33%
we're
33%
we're
33%
we've
33%
with
33%
work
33%
wreck
33%
young
33%
you're
33%
you're
33%
you're
33%
youth
33%

Score Distribution

Percentile by Number Answered

Percent of People with Each Score

Your Score History

You have not taken this quiz since the last reset